Ειδική διδακτική

Αποθηκεύτηκε σε:
Λεπτομέρειες βιβλιογραφικής εγγραφής
Κύριος συγγραφέας: Ζαμπετάκης, Εμμανουήλ Ε.
Μορφή: Βιβλίο
Γλώσσα:Greek
Δημοσίευση: Ηράκλειον : [χ.ό.], 1970
Θέματα:
Ετικέτες: Προσθήκη ετικέτας
Δεν υπάρχουν, Καταχωρήστε ετικέτα πρώτοι!

MARC

LEADER 00000nam a2200000 i 4500
001 1/75060
008 960516s1970 gre d
035 |a 1995  |b 1  |c Δωρεά  |l 10032017 
040 |a GR-MY-UA  |b gre  |e aacr 
041 0 |a gre 
082 0 |a 371.3 
100 1 |a Ζαμπετάκης, Εμμανουήλ Ε. 
245 1 0 |a Ειδική διδακτική /  |c Εμμανουήλ Ε. Ζαμπετάκη 
260 |a Ηράκλειον :   |b [χ.ό.],   |c 1970 
300 |a 347 σ. 
500 |a Προς χρήσιν των Κ. Κ. σπουδαστών των Π. Ακαδημιών και των λειτουργών της Δημοτικής εκπαιδεύσεως 
504 |a Περιέχει βιβλιογραφία 
650 0 0 |a Elementary school teaching. 
650 0 0 |a Teaching. 
852 |a INST  |b RHODES  |e 19960516  |h 371.3 ΖΑΜ  |p 005400007268  |q 005400007268  |t BK  |y 0 
909 |a Ρ  |b 028433  |c 1995